000 00352nam a2200157Ia 4500
100 _aBeer/ F.P./ Johnston/ Russell
250 _a3
942 _cBK
654 _aEngineers Dynamics
245 _aVector Mechanics for Engineers Dynamics
260 _bT.M.H.
_c1998
082 _a620.1
_bBEE/JOH
300 _a588
546 _aENGLISH
999 _c22207
_d22207